[Event "Sardinia World Open A"]
[Site "Orosei ITA"]
[Date "2026.05.10"]
[Round "9.22"]
[White "Negrean, Andrei"]
[Black "Amar, Elham"]
[Result "1/2-1/2"]
[WhiteTitle "FM"]
[BlackTitle "GM"]
[WhiteElo "2353"]
[BlackElo "2576"]
[WhiteFideId "1291513"]
[BlackFideId "1533533"]
[EventDate "2026.05.03"]

1. e4 c5 2. Nf3 Nc6 3. d4 cxd4 4. Nxd4 e5 5. Nb5 d6 6. N1c3 a6 7. Na3 Be6 8. Nc4
Rb8 9. g3 g6 10. Ne3 Nf6 11. Bg2 Bh6 12. h4 Rc8 13. O-O O-O 14. Ncd5 Bxd5 15.
Nxd5 Bxc1 16. Nxf6+ Qxf6 17. Rxc1 b5 18. c3 Rc7 19. Qd3 Qe6 20. b3 Rd8 21. Rfd1
Kg7 22. Rc2 Qc8 23. Rdc1 Qe6 24. Kh2 Qf6 25. Kg1 h6 26. Qe3 Rdc8 27. Bh3 Rb8 28.
Qd3 a5 29. a3 Ne7 30. Rd2 b4 31. axb4 axb4 32. c4 Nc6 33. Qxd6 Qxd6 34. Rxd6 Nd4
35. Rb1 Ra7 36. c5 Rc7 37. Bf1 Rxc5 38. Bc4 Rc7 39. Kg2 Ra7 40. Rd5 Re8 41. Rb2
g5 42. hxg5 hxg5 43. Rb1 Ree7 44. Rd8 Red7 45. Re8 Re7 46. Rd8 Rad7 47. Rb8 Rb7
48. Ra8 Rb6 49. Rh1 Rh6 50. Rxh6 Kxh6 51. Rb8 Nc2 52. Kh3 Rd7 53. Bd5 Kg6 54.
Kg4 f6 55. Rg8+ Rg7 56. Rc8 Nd4 57. Rb8 Nc2 58. Be6 Rc7 59. Rg8+ Kh7 60. Rf8 Kg6
61. Rg8+ Rg7 62. Bf5+ Kf7 63. Rb8 Ke7 64. Rb7+ Kf8 65. Rb8+ Ke7 66. Kh5 Kd6 67.
Rd8+ Kc6 68. Kh6 Ra7 69. Rc8+ Rc7 70. Rb8 Kc5 71. Be6 Kd4 72. Kg6 Kxe4 73. Kxf6
Kf3 74. Kxe5 Kxf2 75. g4 Ke3 76. Bf5 Nd4 77. Kf6 Rc6+ 78. Kxg5 Nxb3 79. Rxb4 Nd4
80. Kh5 Nf3 81. Re4+ Kf2 82. g5 Rc5 83. Kg6 Rc6+ 84. Be6 Nd2 85. Re5 Nf3 86. Re4
Nd2 87. Rf4+ Ke3 88. Rf6 Ne4 89. Bd5 1/2-1/2

[Event "Sardinia World Open A"]
[Site "Orosei ITA"]
[Date "2026.05.10"]
[Round "9.24"]
[White "Stanford, Maxim Barth"]
[Black "Muthaiah, AL"]
[Result "0-1"]
[WhiteTitle "IM"]
[BlackTitle "IM"]
[WhiteElo "2273"]
[BlackElo "2448"]
[WhiteFideId "408280"]
[BlackFideId "5092442"]
[EventDate "2026.05.03"]

1. Nf3 d5 2. c4 c6 3. d4 Nf6 4. Nc3 dxc4 5. e4 b5 6. Be2 e6 7. O-O Bb7 8. Rb1
Qc7 9. a3 a6 10. b3 cxb3 11. e5 Nd5 12. Nxd5 cxd5 13. Rxb3 h6 14. Bd2 Nc6 15.
Qb1 Be7 16. Rc1 Qd8 17. Rbc3 Rc8 18. R1c2 Qb6 19. Qc1 Kd7 20. Be1 b4 21. axb4
Nxb4 22. Rb2 Rxc3 23. Qxc3 a5 24. Qe3 Rc8 25. Bd1 Ba6 26. g4 Qc6 27. Bd2 Bb5 28.
Bb3 Bc4 29. Bd1 Bb5 30. Bb3 Ba4 31. Bxb4 axb4 32. Rc2 Qb5 33. Ra2 Bxb3 34. Qxb3
Rc3 35. Ra7+ Ke8 36. Ra8+ Bd8 37. Qb1 Rxf3 38. Qh7 Kd7 39. Qg8 Qb6 40. Kg2 Rf4
41. Qxg7 Qxd4 42. f3 Qd2+ 43. Kg3 Bh4+ 44. Kh3 Rxf3+ 45. Kxh4 Qxh2# 0-1

[Event "Sardinia World Open A"]
[Site "Orosei ITA"]
[Date "2026.05.10"]
[Round "9.25"]
[White "Solomon, Kenneth Terence"]
[Black "Bai, Adelard"]
[Result "0-1"]
[WhiteTitle "GM"]
[BlackTitle "IM"]
[WhiteElo "2270"]
[BlackElo "2436"]
[WhiteFideId "14300192"]
[BlackFideId "16301188"]
[EventDate "2026.05.03"]

1. d4 Nf6 2. c4 e6 3. Nf3 b6 4. g3 Bb7 5. Bg2 Bb4+ 6. Bd2 a5 7. O-O O-O 8. Bf4
Be7 9. Nc3 Ne4 10. Qc2 Nxc3 11. bxc3 h6 12. e4 d6 13. Rfe1 Nd7 14. Rad1 Qc8 15.
Bc1 Re8 16. h4 a4 17. Bh3 Ra5 18. d5 e5 19. Ba3 Qd8 20. Nd2 Bc8 21. Bg2 Nf6 22.
Nf1 Ng4 23. Ne3 Nxe3 24. Rxe3 Rf8 25. Rf1 Ra8 26. Qe2 Rb8 27. Bc1 Bd7 28. Kh2 f5
29. exf5 Bxf5 30. Be4 Qd7 31. Bxf5 Rxf5 32. Re4 Rbf8 33. f3 Bd8 34. Kg2 R5f7 35.
Be3 Qf5 36. Rf2 Kh8 37. Qd1 Qd7 38. Qe2 Bf6 39. Rf1 Ra8 40. Rb1 Be7 41. Rf1 Qf5
42. Rf2 Qg6 43. Rg4 Qh7 44. Re4 Raf8 45. Bc1 Qg6 46. Rf1 Bd8 47. Bd2 Rf5 48. Bc1
Qf7 49. Be3 h5 50. Rf2 Qg6 51. Bd2 R5f7 52. Rf1 Qf5 53. Bc1 Qg6 54. Bd2 Bf6 55.
Bc1 Qh7 56. Rh1 g6 57. Rf1 Bg7 58. c5 bxc5 59. Rxa4 Rb8 60. Ra3 Qg8 61. Qe4 Kh7
62. Rb3 Ra8 63. Rf2 Qe8 64. c4 Bh6 65. Bxh6 Kxh6 66. Re3 Qd7 67. Rb3 Kg7 68. Kh2
Qc8 69. Rg2 Ra4 70. Rc2 Qa6 71. Qe2 Rf8 72. Rbb2 Ra3 73. Rb3 Qa4 74. Rxa3 Qxa3
75. Kg2 Rb8 76. f4 Re8 77. Qe4 Qa4 78. Rf2 Qd1 79. fxe5 Rxe5 80. Qf3 Qxf3+ 81.
Kxf3 Re1 82. Re2 Rc1 83. Re7+ Kf6 84. Rxc7 Rc3+ 85. Kf2 Rxc4 86. Ra7 Ke5 87. a4
Kxd5 88. a5 Ra4 89. a6 Kd4 90. Rg7 Rxa6 91. Rxg6 Ra2+ 92. Kf3 d5 93. g4 hxg4+
94. Rxg4+ Kd3 95. Rg5 Kc4 96. h5 d4 97. Rg2 Ra3+ 98. Kg4 d3 99. h6 Kc3 100. h7
Ra8 101. Rh2 d2 0-1

[Event "Sardinia World Open A"]
[Site "Orosei ITA"]
[Date "2026.05.10"]
[Round "9.26"]
[White "Zwirs, Nico"]
[Black "Adharsh K"]
[Result "1/2-1/2"]
[WhiteTitle "IM"]
[BlackTitle "FM"]
[WhiteElo "2434"]
[BlackElo "2312"]
[WhiteFideId "1036432"]
[BlackFideId "25718207"]
[EventDate "2026.05.03"]

1. e4 c5 2. Nf3 d6 3. d4 cxd4 4. Qxd4 Nc6 5. Qd3 Nf6 6. Nc3 g6 7. Nd5 Bg7 8. c3
O-O 9. Be2 Rb8 10. O-O b5 11. Bg5 Nd7 12. Nd4 Nde5 13. Qd2 f6 14. Nxc6 Nxc6 15.
Be3 a5 16. Rfd1 f5 17. exf5 Bxf5 18. a4 b4 19. Bb5 bxc3 20. bxc3 Ne5 21. Bg5 Rb7
22. Re1 h6 23. Bh4 g5 24. Bg3 Bg6 25. Rad1 Bh5 26. Rc1 e6 27. Ne3 d5 28. Nc2 Nc4
29. Qd3 Nd6 30. Rxe6 Ne4 31. Bc6 Rbf7 32. Bxd5 Nc5 33. Qc4 Nxe6 34. Bxe6 Qd2 35.
Qf1 1/2-1/2

[Event "Sardinia World Open A"]
[Site "Orosei ITA"]
[Date "2026.05.10"]
[Round "9.27"]
[White "Paduano, Claudio"]
[Black "Caprio, Guido"]
[Result "1-0"]
[WhiteTitle "FM"]
[BlackTitle "IM"]
[WhiteElo "2267"]
[BlackElo "2430"]
[WhiteFideId "2806393"]
[BlackFideId "834580"]
[EventDate "2026.05.03"]

1. d4 Nf6 2. c4 e6 3. Nf3 d5 4. Nc3 c6 5. cxd5 exd5 6. Qc2 g6 7. Bg5 Bf5 8. Qb3
Nbd7 9. e4 Qe7 10. Ne5 Nxe5 11. dxe5 Qxe5 12. Qxb7 Rc8 13. Bxf6 Qxf6 14. exf5
Qe5+ 15. Be2 Rc7 16. Qb8+ Kd7 17. Qb3 Bd6 18. Kf1 Qxf5 19. Qa4 h5 20. Rd1 Ke7
21. Bd3 Qf6 22. Re1+ Kf8 23. h4 Kg7 24. Rh3 Be5 25. Rf3 Qd6 26. Qc2 a6 27. Bxa6
Rb8 28. Bd3 Rcb7 29. b3 Rb4 30. g3 c5 31. Rd1 c4 32. Bxc4 Qc6 1-0

[Event "Sardinia World Open A"]
[Site "Orosei ITA"]
[Date "2026.05.10"]
[Round "9.28"]
[White "Manukyan, Sargis A."]
[Black "Fulgentini, Edoardo"]
[Result "1-0"]
[WhiteTitle "FM"]
[WhiteElo "2376"]
[BlackElo "2264"]
[WhiteFideId "13303970"]
[BlackFideId "28557050"]
[EventDate "2026.05.03"]

1. d4 Nf6 2. c4 e6 3. a3 d5 4. Nc3 Be7 5. Nf3 O-O 6. Bf4 b6 7. e3 Bb7 8. cxd5
exd5 9. Bd3 c5 10. O-O Nc6 11. Rc1 Re8 12. Nb5 Rf8 13. Bf5 Bc8 14. Bb1 Bg4 15.
h3 Bh5 16. Bf5 Bg6 17. Nh4 Bxf5 18. Nxf5 Qd7 19. g4 c4 20. b3 Rfc8 21. bxc4 Na5
22. cxd5 Nxd5 23. Qf3 Nxf4 24. Rc7 Rxc7 25. Nxe7+ Kf8 26. Nxc7 Ne2+ 27. Qxe2
Qxc7 28. Qf3 Rd8 29. Nf5 Nc4 30. Rc1 b5 31. a4 bxa4 32. Qe2 Rc8 33. e4 a3 34.
Ne3 Qb6 35. Rxc4 Qb1+ 36. Kh2 Rd8 37. Qc2 a2 38. Rc8 Qxc2 39. Rxd8+ Ke7 40. Nxc2
Kxd8 41. Kg3 1-0

[Event "Sardinia World Open A"]
[Site "Orosei ITA"]
[Date "2026.05.10"]
[Round "9.29"]
[White "Lemonnier, Remi"]
[Black "Kantane, Anna"]
[Result "1-0"]
[BlackTitle "WIM"]
[WhiteElo "2114"]
[BlackElo "2216"]
[WhiteFideId "648280"]
[BlackFideId "1135988"]
[EventDate "2026.05.03"]

1. e4 e5 2. Nc3 Nf6 3. d4 exd4 4. Qxd4 Nc6 5. Qd3 Bb4 6. Bd2 O-O 7. O-O-O Re8 8.
Nge2 d6 9. Bg5 h6 10. Bxf6 Qxf6 11. Nd5 Qd8 12. Nxb4 Nxb4 13. Qd2 Qg5 14. f4 Qc5
15. a3 Nc6 16. Nc3 a5 17. h3 Rb8 18. a4 Nb4 19. g4 Bd7 20. g5 hxg5 21. f5 f6 22.
h4 gxh4 23. Rxh4 Kf7 24. Qg2 Rg8 25. Qg6+ Kf8 26. Qg3 Bxa4 27. e5 Bxc2 28. Rd2
Bxf5 29. Bc4 dxe5 30. Qh2 g5 31. Rh6 Kg7 32. Rh7+ Bxh7 33. Rd7+ Kf8 34. Qh6+ Ke8
35. Qxh7 Rf8 36. Be6 Rc8 37. Qg6+ 1-0

[Event "Sardinia World Open A"]
[Site "Orosei ITA"]
[Date "2026.05.10"]
[Round "9.30"]
[White "Fargetta, Vittorio"]
[Black "Saine, Zachary"]
[Result "1-0"]
[WhiteElo "2274"]
[BlackElo "2135"]
[WhiteFideId "2866221"]
[BlackFideId "2624346"]
[EventDate "2026.05.03"]

1. e4 c5 2. c3 d5 3. exd5 Qxd5 4. Nf3 Nf6 5. d4 e6 6. Na3 cxd4 7. Nb5 Na6 8.
Nbxd4 Be7 9. Be2 Nc5 10. O-O a6 11. Qc2 O-O 12. b4 Qe4 13. bxc5 1-0

[Event "Sardinia World Open A"]
[Site "Orosei ITA"]
[Date "2026.05.10"]
[Round "9.31"]
[White "Beliman, Alexandro"]
[Black "Savitha, Shri B"]
[Result "1-0"]
[WhiteTitle "FM"]
[BlackTitle "IM"]
[WhiteElo "2247"]
[BlackElo "2374"]
[WhiteFideId "28512413"]
[BlackFideId "35061887"]
[EventDate "2026.05.03"]

1. d4 Nf6 2. c4 e6 3. Nf3 d5 4. g3 Bb4+ 5. Bd2 Be7 6. Bg2 O-O 7. O-O c6 8. Bf4
dxc4 9. Ne5 Nd5 10. Nxc4 Nxf4 11. gxf4 Nd7 12. e3 Nf6 13. Nc3 Nd5 14. Ne5 a5 15.
Ne4 f6 16. Nd3 b6 17. Qf3 Bb7 18. f5 exf5 19. Qxf5 Bc8 20. Qf3 Be6 21. Nf4 Nxf4
22. Qxf4 Rc8 23. Rfd1 f5 24. Nc3 Bd6 25. Qf3 Qh4 26. Qh3 Qf6 27. f4 Kh8 28. Kh1
Be7 29. Rg1 c5 30. d5 Bd7 31. e4 Qd4 32. Rad1 Qf2 33. Rgf1 Qxb2 34. e5 Rb8 35.
Qe3 c4 36. d6 Bh4 37. Nd5 Qxa2 38. Nxb6 Be6 39. Bd5 Bxd5+ 40. Nxd5 Rb3 41. Rd2
Qa4 42. Qd4 Qc6 43. Kg1 Rc8 44. Rg2 Rd3 45. Qa7 Rg8 46. Ne7 Bxe7 47. Qxe7 c3 48.
Rc1 Qe4 49. Qa7 Qxf4 50. Re1 Rd2 51. Qc5 Rxg2+ 52. Kxg2 Rb8 53. Qxc3 h6 54. d7
Kh7 55. e6 Qd6 56. Qe5 Rb2+ 57. Qxb2 1-0